|
|
|
|
| LEADER |
00759cam a2200229 7i4500 |
| 001 |
0000023614 |
| 005 |
20210106090000.0 |
| 008 |
090204 eng |
| 020 |
|
|
|a 0849316146
|
| 040 |
|
|
|a DLC
|
| 090 |
0 |
0 |
|a QK725
|b .P562 2005
|
| 245 |
0 |
0 |
|a Plant development and biotechnology
|c edited by Robert N. Trigiano, Dennis J. Gray.
|
| 260 |
|
|
|a Boca Raton:
|b CRC Press,,
|c 2005.
|
| 300 |
|
|
|a 358 p.:
|b ill.;
|c 26 cm.
|
| 504 |
|
|
|a Includes bibliographical references and index
|
| 650 |
0 |
0 |
|a Plant tissue culture
|
| 650 |
0 |
0 |
|a Plant biotechnology
|
| 650 |
0 |
0 |
|a Plants --
|x Development
|
| 700 |
1 |
|
|a Trigiano, Robert N
|
| 700 |
1 |
|
|a Gray, Dennis J
|
| 997 |
|
|
|a Health Sciences, Faculty
|
| 999 |
|
|
|a 0000024913
|b BOK
|c OPEN SHELF
|e 1st Floor, Shah Alam
|